[Event "Slupsk op"]
[Site "Slupsk"]
[Date "1992.??.??"]
[Round "?"]
[White "Drzemicki, Dariusz"]
[Black "Lukasiewicz, Grzegorz"]
[Result "0-1"]
[WhiteElo "2355"]
[BlackElo "2360"]
[PlyCount "84"]
[EventDate "1992.??.??"]
[EventType "swiss"]
[EventRounds "9"]
[EventCountry "POL"]
[SourceTitle "TD"]
[Source "ChessBase"]
[SourceDate "1994.03.01"]
[SourceVersion "1"]
[SourceVersionDate "1994.03.01"]
[SourceQuality "1"]

1. d4 d5 2. c4 e6 3. Nc3 c6 4. e3 Nf6 5. Nf3 Nbd7 6. Bd3 dxc4 7. Bxc4 b5 8. Bd3 Bb7 9. e4 b4 10. Na4 c5 11. e5 Nd5 12. 0-0 cxd4 13. Nxd4 Nxe5 14. Bb5+ Nd7 15. Re1 Rc8 16. Qh5 g6 17. Qe5 Qf6 18. Nf3 Bg7 19. Qe2 a6 20. Bg5 Qf5 21. Bxd7+ Kxd7 22. Rad1 Rc6 23. Rxd5+ exd5 24. Qe7+ Kc8 25. Qxb4 d4 26. Nb6+ Kb8 27. h4 Qb5 28. Nd7+ Ka8 29. Qd2 Rd6 30. Nde5 Qd5 31. Bf4 Re6 32. b3 Rhe8 33. Nd3 Rxe1+ 34. Ndxe1 Qc5 35. Kh2 Qc3 36. Qd1 h6 37. Bg3 g5 38. Nd3 g4 39. Nfe5 Bxe5 40. Nxe5 h5 41. Qb1 f6 42. Nd3 Be4 0-1

[Event "Slupsk op"]
[Site "Slupsk"]
[Date "1992.??.??"]
[Round "?"]
[White "Drzemicki, Dariusz"]
[Black "Masternak, Grzegorz"]
[Result "0-1"]
[WhiteElo "2355"]
[BlackElo "2310"]
[PlyCount "50"]
[EventDate "1992.??.??"]
[EventType "swiss"]
[EventRounds "9"]
[EventCountry "POL"]
[SourceTitle "TD"]
[Source "ChessBase"]
[SourceDate "1994.03.01"]
[SourceVersion "1"]
[SourceVersionDate "1994.03.01"]
[SourceQuality "1"]

1. d4 d5 2. c4 Nc6 3. cxd5 Qxd5 4. Nf3 e5 5. dxe5 Qxd1+ 6. Kxd1 Bg4 7. Bf4 Nge7 8. Nbd2 Ng6 9. Bg3 0-0-0 10. Kc1 Bb4 11. a3 Bxd2+ 12. Nxd2 Ngxe5 13. f3 Be6 14. e3 Nd3+ 15. Kc2 Nxb2 16. Bb5 Na5 17. Kxb2 Rxd2+ 18. Kc3 Rhd8 19. Kb4 Rb2+ 20. Kxa5 Rd5 21. a4 Kb8 22. Bxc7+ Kxc7 23. Rhc1+ Kb8 24. e4 Rd6 25. Bf1 Ra6+ 0-1

[Event "POL-chT 47th"]
[Site "Mikolajki"]
[Date "1991.09.??"]
[Round "7"]
[White "Agrest, Evgenij"]
[Black "Drzemicki, Dariusz"]
[Result "1-0"]
[WhiteElo "2480"]
[BlackElo "2335"]
[PlyCount "85"]
[EventDate "1991.09.20"]
[EventType "team-swiss"]
[EventRounds "9"]
[EventCountry "POL"]
[SourceTitle "EXT 2019"]
[Source "ChessBase"]
[SourceDate "2018.10.10"]
[SourceVersion "1"]
[SourceVersionDate "2018.10.10"]
[SourceQuality "1"]
[WhiteTeam "Bielsko-Biala Wlokniarz"]
[BlackTeam "Suwalki Hancza"]
[WhiteTeamCountry "POL"]
[BlackTeamCountry "POL"]

1. d4 d5 2. c4 e6 3. Nf3 Nf6 4. Nc3 Be7 5. Bf4 0-0 6. e3 c5 7. dxc5 Bxc5 8. Qc2 Nc6 9. a3 Qa5 10. 0-0-0 Bd7 11. Nd2 Be7 12. Nb3 Qb6 13. cxd5 Nxd5 14. Bc4 Nxc3 15. Rxd7 Nd5 16. Bxd5 exd5 17. Kb1 Qb5 18. a4 Qxa4 19. Nd4 Qb4 20. Qc3 Nxd4 21. Qxb4 Bxb4 22. exd4 b6 23. Rxd5 Rfd8 24. Rxd8+ Rxd8 25. Be3 Kf8 26. Kc2 Rc8+ 27. Kd3 Ke7 28. h4 h5 29. Rh3 Ke6 30. Rg3 g6 31. Rf3 f5 32. Bg5 Kd5 33. Re3 Bd6 34. Bf6 Rc1 35. Be5 Bb4 36. Rg3 Rc6 37. Re3 b5 38. Bb8 Ra6 39. Re5+ Kc6 40. Re8 Ra2 41. Kc2 a5 42. Be5 a4 43. Kb1 1-0

[Event "POL-chT 47th"]
[Site "Mikolajki"]
[Date "1991.09.??"]
[Round "5"]
[White "Pisulinski, Jan"]
[Black "Drzemicki, Dariusz"]
[Result "0-1"]
[WhiteElo "2345"]
[BlackElo "2335"]
[PlyCount "78"]
[EventDate "1991.09.20"]
[EventType "team-swiss"]
[EventRounds "9"]
[EventCountry "POL"]
[SourceTitle "EXT 2019"]
[Source "ChessBase"]
[SourceDate "2018.10.10"]
[SourceVersion "1"]
[SourceVersionDate "2018.10.10"]
[SourceQuality "1"]
[WhiteTeam "Gorzow Wielkopolski Stilon"]
[BlackTeam "Suwalki Hancza"]
[WhiteTeamCountry "POL"]
[BlackTeamCountry "POL"]

1. d4 d5 2. c4 e6 3. Nf3 Nf6 4. Nc3 Be7 5. Bg5 0-0 6. Qc2 Nbd7 7. 0-0-0 c5 8. Kb1 b6 9. e4 Bb7 10. exd5 exd5 11. dxc5 Nxc5 12. cxd5 Nxd5 13. Nxd5 Bxg5 14. Bc4 Rc8 15. Qf5 Bh6 16. h4 Bxd5 17. Bxd5 Qf6 18. Qxf6 gxf6 19. Nd4 Rfe8 20. Nf5 Bf8 21. Rh3 Rc7 22. Rf3 Rd7 23. Ne3 Ne4 24. Ng4 Kg7 25. Rd4 h5 26. Ne3 Nc5 27. Bc6 Rxd4 28. Bxe8 Rd2 29. Rg3+ Kh7 30. Bxf7 Rxf2 31. Bxh5 Bh6 32. Nd1 Rd2 33. b4 Ne6 34. Ra3 Bf4 35. g3 Be5 36. Kc1 Rd7 37. Be2 Nd4 38. Bd3+ Kh6 39. Ne3 Bxg3 0-1

[Event "POL-chT 47th"]
[Site "Mikolajki"]
[Date "1991.09.??"]
[Round "3"]
[White "Sarwinski, Miroslaw"]
[Black "Drzemicki, Dariusz"]
[Result "1-0"]
[WhiteElo "2405"]
[BlackElo "2335"]
[PlyCount "107"]
[EventDate "1991.09.20"]
[EventType "team-swiss"]
[EventRounds "9"]
[EventCountry "POL"]
[SourceTitle "EXT 2019"]
[Source "ChessBase"]
[SourceDate "2018.10.10"]
[SourceVersion "1"]
[SourceVersionDate "2018.10.10"]
[SourceQuality "1"]
[WhiteTeam "Warszawa Polonia"]
[BlackTeam "Suwalki Hancza"]
[WhiteTeamCountry "POL"]
[BlackTeamCountry "POL"]

1. d4 d5 2. c4 e6 3. Nf3 Nf6 4. Nc3 Nbd7 5. Bg5 Be7 6. e3 0-0 7. Rc1 Re8 8. a3 a6 9. Bd3 dxc4 10. Bxc4 c5 11. 0-0 b5 12. Ba2 Bb7 13. Qe2 cxd4 14. exd4 Nb6 15. Rfd1 Nfd5 16. Bd2 Nxc3 17. Bxc3 Bd5 18. Bb1 Nc4 19. Rd3 Qb8 20. Re1 Qf4 21. Bd2 Nxd2 22. Nxd2 Rac8 23. Qe3 Qg4 24. f3 Qh4 25. Ne4 Bc4 26. Rdd1 Red8 27. g3 Qh5 28. Kg2 Rc7 29. h4 Qd5 30. Ng5 Bxg5 31. hxg5 Ba2 32. Be4 Qb3 33. Qf4 Rcd7 34. Rh1 g6 35. Qh4 Qxb2+ 36. Kg1 h5 37. gxh6 Kh7 38. Qf6 Rg8 39. Rh2 Qxa3 40. Ra1 Qe3+ 41. Rf2 Bc4 42. Rd1 Qb3 43. Rfd2 Bd5 44. Kh2 a5 45. Qf4 b4 46. Rc1 f5 47. Rc7 Rgd8 48. Qd6 Qa4 49. Bxd5 exd5 50. Re2 Rxc7 51. Qxc7+ Rd7 52. Qc8 Kxh6 53. Qf8+ Kg5 54. Qh8 1-0

[Event "Warsaw Cup"]
[Site "Warsaw"]
[Date "1987.??.??"]
[Round "8"]
[White "Drzemicki, Dariusz"]
[Black "Sowizdrzal, Dariusz"]
[Result "1/2-1/2"]
[WhiteElo "2205"]
[BlackElo "2235"]
[PlyCount "80"]
[EventDate "1987.04.??"]
[EventType "swiss"]
[EventRounds "11"]
[EventCountry "POL"]
[SourceTitle "EXT 2001"]
[Source "ChessBase"]
[SourceDate "2000.11.22"]
[SourceVersion "1"]
[SourceVersionDate "2000.11.22"]
[SourceQuality "1"]

1. d4 Nf6 2. c4 e6 3. Nc3 d5 4. Bg5 Nbd7 5. e3 c6 6. cxd5 exd5 7. Bd3 Be7 8. Nf3 0-0 9. 0-0 Re8 10. Qc2 Nf8 11. Rab1 a5 12. a3 Bg4 13. Ne5 Bh5 14. b4 Ne4 15. Bxe7 Qxe7 16. Nxe4 dxe4 17. Bxe4 axb4 18. axb4 f6 19. Bf3 fxe5 20. Bxh5 g6 21. Be2 exd4 22. Qc4+ Ne6 23. exd4 Kg7 24. Rfd1 Nf4 25. Bf3 Ra3 26. Qf1 Rxf3 27. gxf3 Qg5+ 28. Kh1 Qd5 29. Rd3 Nxd3 30. Qxd3 Rf8 31. Rb3 Rf4 32. Qe3 Qxd4 33. Kg2 b6 34. Qe8 Qd5 35. Qe7+ Kg8 36. Qe8+ Kg7 37. Qe7+ Kg8 38. Qe8+ Kg7 39. Qe7+ Kg8 40. Qe8+ Kg7 1/2-1/2

[Event "Warsaw Cup"]
[Site "Warsaw"]
[Date "1987.??.??"]
[Round "3"]
[White "Kolasinski, Marek"]
[Black "Drzemicki, Dariusz"]
[Result "0-1"]
[WhiteElo "2250"]
[BlackElo "2205"]
[PlyCount "92"]
[EventDate "1987.04.??"]
[EventType "swiss"]
[EventRounds "11"]
[EventCountry "POL"]
[SourceTitle "EXT 2001"]
[Source "ChessBase"]
[SourceDate "2000.11.22"]
[SourceVersion "1"]
[SourceVersionDate "2000.11.22"]
[SourceQuality "1"]

1. Nf3 d5 2. b3 c5 3. e3 Nc6 4. Bb2 Nf6 5. Bb5 Bd7 6. 0-0 e6 7. d3 Be7 8. Nbd2 0-0 9. Bxc6 Bxc6 10. Ne5 Qd6 11. f4 Be8 12. Rf3 Nd7 13. Ng4 f5 14. Ne5 Bh5 15. g4 fxg4 16. Rg3 Bh4 17. Rg2 Nxe5 18. Bxe5 Qe7 19. Nf1 Bf6 20. d4 cxd4 21. Qxd4 b6 22. Re1 Qc5 23. Bxf6 Rxf6 24. Qe5 Bg6 25. Rxg4 Qxc2 26. Rg2 Qc5 27. Ng3 Kh8 28. h4 h6 29. Kh2 Rc8 30. Reg1 Qe7 31. Kh3 Rf7 32. Qb2 Qf6 33. h5 Bf5+ 34. Nxf5 Qxf5+ 35. Kh4 Rcc7 36. Rd2 Qe4 37. Rg3 Rf5 38. Rdg2 d4 39. Qxd4 Rxf4+ 40. Rg4 Rxg4+ 41. Rxg4 Qh1+ 42. Kg3 Qe1+ 43. Kh3 Qf1+ 44. Kg3 Rf7 45. Rf4 Qg1+ 46. Kh3 Qh1+ 0-1